000 00325nam a2200145Ia 4500
008 191201s2005 xx 000 0 und d
082 _a658.15
_bKNF
100 _aKNOTT, Geoffrey
245 0 _aFinancial Management
250 _a4th
260 _aN.Delhi
_bPalgra
_c2005
300 _a373
650 _aMBA
942 _2ddc
_cBK
999 _c3087
_d3087